Name The Red Power Rangers - Statistics

General Stats
  • This quiz has been taken 3,196 times
  • The average score is 18 of 25
Answer Stats
Team Answer % Correct
Mighty Morphin (1) Jason Lee Scott
94%
Zeo Tommy Oliver
93%
Turbo (1) Tommy Oliver
93%
Mighty Morphin (2) Rocky De Santos
85%
Space Andros
81%
Turbo (2) TJ Johnson
77%
Samurai (1) Jayden Shiba
75%
Lost Galaxy Leo Corbett
75%
Time Force (2) Wesley Collins
75%
SPD (1) Jack Landors
74%
SPD (2) Schuyler 'Sky' Tate
73%
Megaforce Troy Burrows
72%
Wild Force Cole Evans
71%
Jungle Fury Casey Rhodes
70%
Ninja Storm Shane Clarke
70%
Dino Thunder Conner McKnight
69%
Lightspeed Rescue Carter Grayson
68%
Mystic Force Nick Russell
68%
SPD (3) Bridge Carson
67%
Time Force (1) Alex
63%
Samurai (2) Lauren Shiba
63%
RPM Scott Truman
62%
Operation Overdrive Mack Hartford
61%
Alien Aurico
46%
SPD (A Squad) Charlie
35%
No matching quizzes found
Score Distribution
Percent of People with Each Score
Percentile by Number Answered
Your Score History
You have not taken this quiz